[Event "24th Politiken Cup"]
[Site "Copenhagen DEN"]
[Date "2002.07.17"]
[Round "3"]
[White "Epishin,V"]
[Black "Bromann,T"]
[Result "1-0"]
[WhiteElo "2643"]
[BlackElo "2378"]

1.d4 d5 2.c4 Nc6 3.Nf3 Bg4 4.Nc3 e6 5.cxd5 exd5 6.Bf4 Bxf3 7.gxf3 Bd6 8.Bg3 Nge7
9.e3 a6 10.Qc2 h5 11.O-O-O h4 12.Bxd6 Qxd6 13.Bh3 g6 14.Kb1 f5 15.f4 O-O-O
16.Na4 b6 17.a3 Kb7 18.Rd3 Rhg8 19.Rc3 g5 20.fxg5 f4 21.Rc1 fxe3 22.fxe3 Rxg5
23.Bf1 Rdg8 24.Ka2 Rf8 25.Bd3 h3 26.Qe2 Nb8 27.Rxc7+ Qxc7 28.Rxc7+ Kxc7 29.e4 Nbc6
30.Bxa6 dxe4 31.Nc3 Nxd4 32.Qe3 Nf3 33.Nb5+ Kd7 34.Qxb6 Rd5 35.Nc7 Rd6 36.Qb7 Nc8
37.Nb5+ Ke6 38.Qxe4+ Ne5 39.Bxc8+ Rxc8 40.Nxd6 Kxd6 41.Qh7  1-0

[Event "24th Politiken Cup"]
[Site "Copenhagen DEN"]
[Date "2002.07.17"]
[Round "3"]
[White "Borvander,T"]
[Black "Spanton,T"]
[Result "1/2-1/2"]
[WhiteElo "2166"]
[BlackElo "2008"]

1.d4 d5 2.c4 Nc6 3.cxd5 Qxd5 4.Nf3 e5 5.Nc3 Bb4 6.e3 Bg4 7.Be2 O-O-O 8.O-O Bxc3
9.bxc3 e4 10.Nd2 Bxe2 11.Qxe2 Nf6 12.Nb3 Na5 13.Nxa5 Qxa5 14.c4 Rd6 15.d5 Qa6
16.Qc2 Re8 17.Bb2 Ng4 18.h3 Ne5 19.Qxe4 Qxc4 20.Qf5+ Nd7 21.Rfd1 Qe4 22.Qxe4 Rxe4
23.Bxg7 Nb6 24.Rac1 Rxd5 25.Bd4 Re6 26.Rd2 Red6 27.Rdc2 Rd7 28.Kf1 Ra5 29.f3 Nd5
30.Rb2 Nf4 31.Rc4 Ne6 32.Bc3 Rad5 33.Kf2 Nc5 34.Rc2 Nd3+ 35.Kf1 b5 36.Rc6 b4
37.Be1 Nxe1 38.Kxe1  1/2-1/2

[Event "24th Politiken Cup"]
[Site "Copenhagen DEN"]
[Date "2002.07.19"]
[Round "5"]
[White "Molvig,H"]
[Black "Bromann,T"]
[Result "0-1"]
[WhiteElo "2237"]
[BlackElo "2378"]

1.d4 d5 2.c4 Nc6 3.cxd5 Qxd5 4.e3 e5 5.Nc3 Bb4 6.Bd2 Bxc3 7.bxc3 Qd6 8.Bd3 Nge7
9.Ne2 O-O 10.O-O b6 11.Qc2 f5 12.f3 Be6 13.Rad1 Rad8 14.Bc1 Na5 15.c4 c5
16.d5 Bc8 17.Ng3 Qh6 18.f4 e4 19.Be2 Rd6 20.Bb2 Ba6 21.Qc3 Nc8 22.Qe5 Qg6
23.Rc1 Rd7 24.Rfd1 Re7 25.Bh5 Qd6 26.Nxf5 Rxe5 27.fxe5 Qd8 28.Bg4 Nxc4 29.Ba1 Qg5
30.Bh3 Nxe3 31.Nxe3 Qxe3+ 32.Kh1 Bd3 33.d6 Qf4 34.g3 Qf3+ 35.Bg2 Qf7 36.Bh3 Qxa2
37.d7 Ne7 38.e6 Qd5  0-1

[Event "24th Politiken Cup"]
[Site "Copenhagen DEN"]
[Date "2002.07.21"]
[Round "7"]
[White "Rohrmueller,U"]
[Black "Bromann,T"]
[Result "1/2-1/2"]
[WhiteElo "2257"]
[BlackElo "2378"]

1.d4 d5 2.c4 Nc6 3.Nc3 dxc4 4.Nf3 Nf6 5.e4 Bg4 6.Be3 e6 7.Bxc4 Bb4 8.Qc2 O-O
9.Rd1 Ne7 10.O-O Bxc3 11.bxc3 c5 12.Be2 Qc7 13.dxc5 Bh5 14.Qa4 Bg6 15.Nd2 Rfd8
16.f3 Nd7 17.Nb3 f5 18.exf5 Bxf5 19.Bf4 e5 20.Be3 Kh8 21.Qa5 b6 22.Qb4 Nc6
23.cxb6 axb6 24.Qd6 Qc8 25.Qd2 Nc5 26.Qb2 Na4 27.Qc1 Na7 28.c4 Nc6 29.Rxd8+ Qxd8
30.Rd1 Qe7 31.Bf1 Rc8 32.Qd2 Rd8 33.Qe1 Ra8 34.Qf2 Nc3 35.Rd2 Nb1 36.Rb2 Nc3
37.Rd2 Nb1 38.Rb2 Nc3 39.Rd2  1/2-1/2

[Event "TCh-POL Jun"]
[Site "Laczna POL"]
[Date "2002.07.21"]
[Round "9"]
[White "Olszewski,Mi"]
[Black "Tazbir,M"]
[Result "1/2-1/2"]
[WhiteElo "2161"]
[BlackElo "2243"]

1.d4 d5 2.c4 Nc6 3.Nf3 Bg4 4.Qa4 Bxf3 5.gxf3 e6 6.e3 Bb4+ 7.Nc3 Ne7 8.Bd2 dxc4
9.Bxc4 a6 10.Qc2 Qd7 11.O-O-O O-O-O 12.Rhg1 Na5 13.Bd3 g6 14.a3 Bxc3 15.Bxc3 Nac6
16.d5 exd5 17.Bxh8 Rxh8 18.f4 Kb8 19.Be2 Rd8 20.Bg4 f5 21.Bf3 Qe6 22.Rd2 Rd6
23.Kb1 Na7 24.Rgd1 Nac8 25.Qc3 h5 26.Rc2 c6 27.Qb4 Rd7 28.a4 Nd6 29.Be2 Kc8
30.Rdc1 Kd8 31.Qd4 Qe4 32.Qxe4 Nxe4 33.Bd3 Nd6 34.b3 Ke8 35.Kb2 Kf7 36.Kc3 Ke6
37.Kd4 Ne4 38.Bxe4 dxe4+ 39.Kc5 Rd3 40.Rc3 Rd2 41.R1c2 Rd1 42.Rc1 Rd2 43.R1c2 Rd1  1/2-1/2

[Event "Open"]
[Site "Bergen NOR"]
[Date "2002.07.25"]
[Round "6"]
[White "Manne,P"]
[Black "Valaker,O"]
[Result "1/2-1/2"]
[WhiteElo "2338"]
[BlackElo "2144"]

1.d4 d5 2.c4 Nc6 3.cxd5 Qxd5 4.e3 e5 5.Nc3 Bb4 6.Bd2 Bxc3 7.bxc3 Nf6 8.Qb3 Qxb3
9.axb3 Be6 10.b4 Ne4 11.Nf3 exd4 12.exd4 O-O 13.Bd3 Rfe8 14.O-O Bg4 15.Be1 Nd6
16.b5 Ne7 17.c4 Bf5 18.Bxf5 Nexf5 19.Bb4 Nxc4 20.Rfc1 Nb6 21.Rxc7 Nd5 22.Rc5 Nxb4
23.Rxf5 a5 24.bxa6 bxa6 25.g3 Re2 26.Kf1 Rb2 27.Re5 Rb3 28.Ke2 f6 29.Re4 Rc8
30.Ne1 Kf7 31.Re3 Rb2+ 32.Kf1 Rd8 33.Re4 Rd5 34.Ra4 a5 35.Nf3 Rf5 36.Re3 g5
37.g4 Rd5 38.Rea3 Nc6 39.Ra2 Rb4 40.Ke2 Nxd4+ 41.Nxd4 Rdxd4 42.Rxa5 Rxg4
43.R5a3 Kg6 44.Rg3 Rh4 45.h3 Rhf4 46.Kf1 Rb5 47.Kg2 Rbf5 48.Rb3 h6 49.Rba3 Rb5
50.Rf3 Rxf3 51.Kxf3 Rb3+ 52.Kg2 f5 53.Ra6+ Kh5 54.Rf6 Rb5 55.Kg3 Ra5 56.Rf8 f4+
57.Kg2 Kh4 58.Rf6 h5 59.Rf7 Ra3 60.Rf8 Rxh3 61.f3 Rg3+ 62.Kf2 Kh3 63.Rf5 Rg2+
64.Kf1 h4 65.Ra5 g4 66.fxg4 Rb2 67.Ra3+ Kxg4 68.Kg1 Rb1+ 69.Kh2 Re1 70.Kg2 Re2+
71.Kg1 h3 72.Rb3 Rg2+ 73.Kh1 Re2 74.Kg1 Re3 75.Rb2 Kf3 76.Rf2+ Ke4 77.Ra2 Rg3+
78.Kh1 Rd3 79.Kh2 Ke3 80.Kxh3 Rd2 81.Ra3+ Rd3 82.Ra2 Kf3 83.Rb2 Re3 84.Ra2 Rb3
85.Rc2 Ke3 86.Ra2 Rd3 87.Rb2 Rd8 88.Rb3+ Rd3 89.Rb2 Rd2 90.Rb3+ Ke4 91.Rb4+ Rd4
92.Rb2 Rd3+ 93.Kg2 Ke3 94.Rb8 Rd2+ 95.Kf1 Rd1+ 96.Kg2 f3+ 97.Kg3 Rg1+ 98.Kh2 f2
99.Re8+ Kd4 100.Rd8+ Ke5 101.Re8+ Kd6 102.Rf8 f1=Q 103.Rd8+ Kc5 104.Rc8+ Kd4
105.Rd8+ Ke5 106.Re8+ Kf6 107.Rf8+ Kg7 108.Rg8+ Kf6 109.Rf8+ Ke5 110.Re8+ Kd4
111.Rd8+ Ke3 112.Re8+ Kd2 113.Rd8+ Ke1 114.Re8+  1/2-1/2

[Event "24th Politiken Cup"]
[Site "Copenhagen DEN"]
[Date "2002.07.25"]
[Round "10"]
[White "Hovmoller,K"]
[Black "Bromann,T"]
[Result "1-0"]
[WhiteElo "2248"]
[BlackElo "2378"]

1.d4 d5 2.c4 Nc6 3.cxd5 Qxd5 4.e3 e5 5.Nc3 Bb4 6.Bd2 Bxc3 7.Bxc3 exd4 8.Ne2 Nf6
9.Nxd4 O-O 10.Nxc6 Qxc6 11.Qf3 Qxf3 12.gxf3 Nd5 13.Bd4 b6 14.Rg1 f6 15.Bc4 Be6
16.O-O-O Rad8 17.Rd2 Rd6 18.Bb3 Kf7 19.Rgd1 Rfd8 20.a3 Ke7 21.Bxd5 Bxd5 22.Rg1 Kf7
23.Rg3 Bb3 24.Bc3 Rxd2 25.Bxd2 Rd5 26.e4 Rc5+ 27.Bc3 Rh5 28.Rg2 Bc4 29.Kd2 Rh3
30.Ke3 Bb3 31.Ke2 Bc4+ 32.Ke3 g6 33.Rg4 Be6 34.Rf4 Rxh2 35.Bxf6 Rh1 36.Bd8+ Ke8
37.Bxc7 g5 38.Rf6 Ke7 39.Be5 Re1+ 40.Kd2 Rh1 41.f4 gxf4 42.Rxf4 h5 43.Bf6+ Kd7
44.Rh4 Rf1 45.Ke2 Bc4+ 46.Ke3 Re1+ 47.Kf4 Rf1 48.Bd4 Be2 49.Ke5 Bf3 50.Rf4 Bh1
51.Kf6 Rg1 52.e5 Bd5 53.Rf5 Rg4 54.Be3 h4 55.Rh5 Bg8 56.Rh8 b5 57.Bg5 Bd5
58.Rh7+ Kc6 59.f4 Rg2 60.e6 Rxb2 61.e7 Re2 62.Rh8 h3 63.Rxh3 Kd6 64.Kg7 Bc6
65.Kf8 a5 66.f5 Rg2 67.Rh6+  1-0

[Event "Lost Boys Open"]
[Site "Amsterdam NED"]
[Date "2002.07.27"]
[Round "2"]
[White "Martinez Rodriguez,P"]
[Black "Peek,Mar"]
[Result "1/2-1/2"]
[WhiteElo "2222"]
[BlackElo "2345"]

1.d4 d5 2.c4 Nc6 3.Nf3 Bg4 4.cxd5 Bxf3 5.gxf3 Qxd5 6.e3 e6 7.Nc3 Qh5 8.f4 Qxd1+
9.Kxd1 O-O-O 10.Bd2 Nf6 11.Rc1 Kb8 12.Bg2 Ne7 13.Ke2 Nf5 14.Rhg1 h6 15.Ne4 Be7
16.Ba5 Nd5 17.Ng3 Nb6 18.Nxf5 exf5 19.Bxb6 axb6 20.Bh3 g6 21.a4 Rhe8 22.Kf3 Rd7
23.Bf1 Red8 24.Rc2 Bb4  1/2-1/2

[Event "Lost Boys Open"]
[Site "Amsterdam NED"]
[Date "2002.07.28"]
[Round "3"]
[White "Conquest,S"]
[Black "Witt,R"]
[Result "1-0"]
[WhiteElo "2542"]
[BlackElo "2308"]

1.d4 d5 2.c4 Nc6 3.cxd5 Qxd5 4.e3 e5 5.Nc3 Bb4 6.Bd2 Bxc3 7.bxc3 Nf6 8.c4 Qd6
9.d5 Nb8 10.f3 O-O 11.Ne2 a5 12.Ng3 b6 13.Be2 Na6 14.O-O Bd7 15.Kh1 Nc5 16.Qc2 Rfe8
17.Nf5 Bxf5 18.Qxf5 Nfd7 19.e4 Rad8 20.Rf2 Rf8 21.Qh3 Qg6 22.g4 Nb7 23.Qg3 f6
24.h4 Nd6 25.Rg1 Nc5 26.Rfg2 Qe8 27.Bc3 Nf7 28.g5 fxg5 29.hxg5 Rd6 30.Rh2 Rg6
31.Qh4 h6 32.gxh6 Rxg1+ 33.Kxg1 g5 34.Qh3 Kh8 35.Kh1 Rg8 36.Qf5 Nd7 37.c5 Nxc5
38.Qf6+ Kh7 39.Bb5 Qf8 40.Qf5+ Rg6 41.Bxe5 Qe7 42.Bg7 Nd6 43.Qg4 Nxb5 44.Qc8 Rd6
45.Qh8+ Kg6 46.Bf6 Qf7 47.h7  1-0

[Event "Lost Boys Open"]
[Site "Amsterdam NED"]
[Date "2002.07.29"]
[Round "4"]
[White "Janssen,R"]
[Black "Peek,Mar"]
[Result "1/2-1/2"]
[WhiteElo "2468"]
[BlackElo "2345"]

1.d4 d5 2.c4 Nc6 3.cxd5 Qxd5 4.e3 e5 5.Nc3 Bb4 6.Bd2 Bxc3 7.bxc3 Nf6 8.f3 e4
9.Qb3 Qf5 10.Qb5 O-O 11.Qxf5 Bxf5 12.g4 Bg6 13.g5 Ne8 14.f4 Nd6 15.Ne2 f5
16.gxf6 Rxf6 17.Ng3 Na5 18.Bg2 Re8 19.Rf1 Nac4 20.Bc1 Nf5 21.Nxf5 Bxf5 22.Rb1 Rb6
23.Rb4 Rxb4 24.cxb4 Re6 25.Rf2 Ra6 26.b5 Ra4 27.Rc2 a6 28.bxa6 b5 29.d5 Kf7
30.Bf1  1/2-1/2

[Event "Inline Czechia Cup"]
[Site "Olomouc CZE"]
[Date "2002.07.31"]
[Round "1"]
[White "Florea,D"]
[Black "Dushenok,A"]
[Result "1-0"]
[WhiteElo "2303"]
[BlackElo "2200"]

1.d4 d5 2.c4 Nc6 3.e3 e5 4.cxd5 Qxd5 5.Nc3 Bb4 6.Bd2 Bxc3 7.bxc3 exd4 8.cxd4 Nf6
9.Nf3 O-O 10.Be2 Bf5 11.O-O Be4 12.Qa4 a6 13.Rfc1 Qd6 14.a3 h6 15.Bc3 Bd5
16.Nd2 Qe6 17.Qc2 Rfe8 18.Re1 Qd6 19.Bd3 Ng4 20.Nf1 Be6 21.Rad1 Rad8 22.Qb2 b5
23.h3 Nf6 24.e4 Nh5 25.d5 Nf4 26.Re3 Bc8 27.dxc6 Qxc6 28.Bxg7 Kh7 29.Bc3 Bb7
30.Be5 Ng6 31.Rc1 Nxe5 32.Rxc6 Bxc6 33.Be2 Ba8 34.Qc3 Rc8 35.f4 Ng6 36.Qf6  1-0

[Event "Lost Boys Open"]
[Site "Amsterdam NED"]
[Date "2002.08.01"]
[Round "7"]
[White "Hopman,P"]
[Black "Witt,R"]
[Result "0-1"]
[WhiteElo "2225"]
[BlackElo "2308"]

1.d4 d5 2.c4 Nc6 3.cxd5 Qxd5 4.e3 e5 5.Nc3 Bb4 6.Bd2 Bxc3 7.Bxc3 exd4 8.Ne2 Nf6
9.Nxd4 O-O 10.Nb5 Qg5 11.h4 Qh6 12.Qf3 Bg4 13.Qg3 Rad8 14.Bc4 Bc8 15.Qxc7 Ne4
16.a4 a6 17.Na3 Nxc3 18.bxc3 Qf6 19.Rc1 Ne5 20.O-O Rd7 21.Qc5 b6 22.Qb4 Nf3+
23.gxf3 Qxf3 24.Be2 Qxe2 25.Qf4 Re7 26.Nc2 Qd3 27.Rfd1 Qg6+ 28.Qg3 Qc6 29.Kh2 Re4
30.Rd4 Re6 31.Nb4 Qc5 32.Rd5 Qe7 33.Rg5 f6 34.Rg4 f5 35.Rg5 h6 36.Rg6 Rxg6
37.Qxg6 Qxh4+ 38.Kg1 Rf6 39.Qg2 Kh7 40.Kf1 Qc4+ 41.Ke1 Rd6 42.Qg3 Qc5 43.Qf3 a5
44.Na2 Qa3 45.Qf4 Rc6 46.Rc2 Qb3 47.Kd2 Rc4 48.Qb8 f4 49.Nc1 fxe3+ 50.fxe3 Qxa4
51.Qxb6 Bf5 52.Rb2 Qd7+ 53.Ke1 Bg4 54.Rd2 Qe7 55.Na2 Re4 56.Qb1 Qh4+ 57.Rf2 Bf5
58.Qd3 Rf4 59.Qf1 Ra4 60.Qb5 Bg6 61.Qb3 Rg4 62.Ke2 Bd3+  0-1

[Event "Open A"]
[Site "Trier GER"]
[Date "2002.08.03"]
[Round "8"]
[White "Ivanov,MM"]
[Black "Peschlow,P"]
[Result "1/2-1/2"]
[WhiteElo "2489"]
[BlackElo "2200"]

1.d4 d5 2.c4 Nc6 3.Nc3 dxc4 4.Nf3 Nf6 5.e3 Bg4 6.Bxc4 e6 7.h3 Bxf3 8.Qxf3 Bb4
9.a3 Bxc3+ 10.bxc3 O-O 11.Rb1 Na5 12.Be2 c5 13.O-O Rc8 14.Rd1 Qd5 15.Rb5 b6
16.dxc5 Qxf3 17.Bxf3 Rxc5 18.Rxc5 bxc5 19.e4 Nc4 20.Be2 Nb6 21.f3 Na4 22.Bd2 Nd7
23.Be1 Ndb6 24.Rb1 c4 25.Rb5 f6 26.Ra5 Rf7 27.Bxc4 Nxc4 28.Rxa4 Rc7 29.Ra6 Nb6
30.a4 Kf7 31.f4 Ke7 32.Bf2 Nc8 33.Bd4 Kd7 34.g4 Rc6 35.Ra5 a6 36.g5 Nd6 37.gxf6 gxf6
38.Rh5 Nxe4 39.Rxh7+ Kd6 40.Kg2 Rc8 41.Ra7 Rg8+ 42.Kf1 Rh8 43.Rxa6+ Kd5 44.Ra5+ Kc4
45.Kg2 Rg8+ 46.Kh2 Nd2 47.h4 e5 48.fxe5 fxe5 49.Bf2 e4 50.Kh3 Kxc3 51.Rg5 Rf8
52.Bc5 Rh8 53.h5 Nf3 54.Rf5 Kd3 55.a5 e3 56.Bxe3 Kxe3 57.a6 Ra8 58.Ra5 Rg8
59.Ra3+ Kf4 60.Ra4+ Ke3 61.Ra3+ Kf4 62.Ra4+ Ke3 63.Ra3+  1/2-1/2

[Event "ch-SLO"]
[Site "Dobrna SLO"]
[Date "2002.08.04"]
[Round "2"]
[White "Jelen,Ig"]
[Black "Petek,Pr"]
[Result "1/2-1/2"]
[WhiteElo "2365"]
[BlackElo "2051"]

1.d4 d5 2.c4 Nc6 3.cxd5 Qxd5 4.e3 e5 5.Nc3 Bb4 6.Bd2 Bxc3 7.Bxc3 exd4 8.Ne2 Bg4
9.f3 Bxf3 10.gxf3 Qxf3 11.Nxd4 Qxh1 12.Qg4 Nxd4 13.O-O-O Qf3 14.Qxd4 Nf6
15.Bb5+ c6 16.Qe5+ Kf8 17.Qd6+ Ke8 18.Qe5+ Kf8 19.Qd6+ Ke8 20.Qe5+  1/2-1/2

[Event "V Open"]
[Site "Banyoles ESP"]
[Date "2002.08.10"]
[Round "8"]
[White "Campos Moreno,J"]
[Black "Mellado Trivino,J"]
[Result "1/2-1/2"]
[WhiteElo "2493"]
[BlackElo "2447"]

1.d4 d5 2.c4 Nc6 3.cxd5 Qxd5 4.e3 e5 5.Nc3 Bb4 6.Bd2 Bxc3 7.bxc3 Nf6 8.f3 Qd6
9.Bd3 O-O 10.Ne2 Be6 11.O-O Rad8 12.Be1 Nd5 13.Bf2 f5 14.c4 Ndb4 15.d5 Nxd5
16.cxd5 Qxd5 17.Bc2 Qc4 18.Nd4 exd4 19.Bb3 dxe3 20.Bxc4 exf2+ 21.Kxf2 Bxc4
22.Qc2 Bxf1 23.Rxf1 Rf7 24.Rd1 Rxd1 25.Qxd1 Kf8 26.Qb3 b6 27.Qd5 Rf6 28.Qd7 Ne7
29.Qxc7 a5 30.a4 Rc6 31.Qd7 Kf7 32.h4  1/2-1/2

[Event "Open"]
[Site "Birstonas LIT"]
[Date "2002.08.20"]
[Round "4"]
[White "Petraitis,G"]
[Black "Varniene,R"]
[Result "1-0"]
[WhiteElo "2093"]
[BlackElo "2219"]

1.d4 d5 2.c4 Nc6 3.Nc3 dxc4 4.d5 Ne5 5.f4 Ng6 6.e4 Nf6 7.e5 Ng4 8.Be2 Nh6
9.Qa4+ Bd7 10.Qxc4 Qc8 11.Nf3 e6 12.Nd4 exd5 13.Qxd5 c6 14.Qe4 Nf5 15.e6 fxe6
16.Nxf5 Kf7 17.Ng3 Bd6 18.O-O Ne7 19.Be3 Nd5 20.Bd4 Nf6 21.Bxf6 gxf6 22.Bc4 b5
23.Bb3 c5 24.f5 c4 25.fxe6+ Bxe6 26.Bc2 Qc5+ 27.Kh1 Rab8 28.Qh4 Be5 29.Nce4 Qd4
30.Ng5+ Ke7 31.Qxd4 Bxd4 32.Rae1 Be5 33.Nxe6 Kxe6 34.Bf5+ Kd5 35.Rd1+ Kc5
36.Ne4+ Kb4 37.a3+ Ka5 38.Rf2 Rhd8 39.Rfd2 Rxd2 40.Rxd2 h6 41.g4 b4 42.Rd5+ Rb5
43.Rxb5+ Kxb5 44.Bd7+ Kb6 45.axb4 Bxb2 46.Ba4 a5 47.b5 Bd4 48.h3 c3 49.Kg2 c2
50.Bxc2 Kxb5 51.Kf3 a4 52.Ng3 a3 53.Bb3 Kb4 54.Bf7 Bb2 55.Nf5 Bc1 56.Ke4 Kc3
57.Ne7 Kb2 58.h4 Bd2 59.Kf5 Be1 60.h5  1-0

[Event "ch-FRA w"]
[Site "Val d'Isere FRA"]
[Date "2002.08.20"]
[Round "2"]
[White "Dacalor,A"]
[Black "Flear,C"]
[Result "0-1"]
[WhiteElo "2123"]
[BlackElo "2176"]

1.d4 d5 2.c4 Nc6 3.e3 e5 4.cxd5 Qxd5 5.Nc3 Bb4 6.Bd2 Bxc3 7.bxc3 exd4 8.cxd4 Nf6
9.Nf3 O-O 10.Be2 b6 11.O-O Bb7 12.Qc2 Rac8 13.Rfd1 Rfe8 14.Qa4 a6 15.Rac1 b5
16.Qc2 Nxd4 17.exd4 Rxe2 18.Re1 Rxe1+ 19.Rxe1 Qd6 20.Qf5 g6 21.Qh3 Re8 22.Rc1 Nh5
23.Ng5 Qxd4 24.Be3 Qd5 25.a3 c5 26.Qg4 f5 27.Qh3 f4 28.Bxf4 Nxf4 29.Qxh7+ Kf8
30.Qh8+ Ke7 31.Qh5 Nxh5 32.Rf1 c4  0-1

[Event "Open"]
[Site "Birstonas LIT"]
[Date "2002.08.25"]
[Round "9"]
[White "Kaunas,K"]
[Black "Lasinskas,P"]
[Result "1-0"]
[WhiteElo "2337"]
[BlackElo "2218"]

1.d4 d5 2.c4 Nc6 3.Nc3 Nf6 4.Nf3 dxc4 5.d5 Na5 6.Qa4+ c6 7.b4 cxb3 8.axb3 e6
9.b4 Nc4 10.dxc6 b5 11.Qxb5 Nb6 12.e4 Qe7 13.Qxb6 axb6 14.Rxa8 Qc7 15.Ba6 Bxb4
16.Rxc8+ Qxc8 17.Bxc8 Bxc3+ 18.Ke2 Nxe4 19.Kd3 Nxf2+ 20.Kxc3 Nxh1 21.Be3 Ke7
22.Bb7 f6 23.Bxb6 e5 24.Nd2 h5 25.c7 Kd7 26.Ne4 h4 27.Nc5+ Kd6 28.c8=Q Rxc8
29.Bxc8 Kc6 30.Ba7 Nf2 31.Bb7+ Kb5 32.Bf3 Nh1 33.Nb7 f5 34.Nd6+ Ka6 35.Bc5 g6
36.Kb4  1-0

[Event "Open"]
[Site "Nikea GRE"]
[Date "2002.08.25"]
[Round "7"]
[White "Katsiris,I"]
[Black "Tassopoulos,M"]
[Result "1-0"]
[WhiteElo "2114"]
[BlackElo "2240"]

1.d4 d5 2.c4 Nc6 3.Nc3 e6 4.Nf3 dxc4 5.e4 Nf6 6.Bxc4 Be7 7.O-O O-O 8.e5 Nd5
9.Bxd5 exd5 10.Qb3 Bg4 11.Be3 Bxf3 12.gxf3 Kh8 13.Qxd5 Qxd5 14.Nxd5 Rad8
15.Nxc7 Nxd4 16.Bxd4 Rxd4 17.Rfd1 Rfd8 18.Rxd4 Rxd4 19.Rc1 a6 20.Na8 h6 21.Rc7 Bh4
22.Rxf7 Rd2 23.Rxb7 Bxf2+ 24.Kf1 Bh4 25.e6 Rxh2 26.e7 Bxe7 27.Rxe7 Rxb2 28.Re2 Rb7
29.a4 a5 30.Re5 Ra7 31.Nb6 Rb7 32.Rb5 Kh7 33.Nd5 Ra7 34.Ne3 g5 35.Nc4 Rf7
36.Kg2 Rf4 37.Nb6 Rf6 38.Nd5 Ra6 39.Kg3 h5 40.Rb6 Ra8 41.Nf6+ Kg7 42.Nxh5+ Kf7
43.Kg4 Rc8 44.Rf6+ Ke7 45.Kxg5 Rc4 46.Rf4 Rc3 47.Re4+ Kf7 48.f4 Ra3 49.f5 Ra1
50.f6 Rg1+ 51.Kf5 Ra1 52.Nf4 Rf1 53.Re5  1-0

[Event "WY ol"]
[Site "Kuala Lumpur MAS"]
[Date "2002.08.27"]
[Round "10"]
[White "Bourmistrov,D"]
[Black "Deepan,C"]
[Result "1/2-1/2"]
[WhiteElo "2209"]
[BlackElo "2310"]

1.d4 d5 2.c4 Nc6 3.Nf3 Bg4 4.cxd5 Bxf3 5.gxf3 Qxd5 6.e3 e5 7.Nc3 Bb4 8.a3 Bxc3+
9.bxc3 Nge7 10.Rb1 b6 11.Bd3 Qd6 12.f4 exf4 13.e4 O-O 14.Rb5 Ng6 15.h4 Rad8
16.Kf1 a6 17.Rd5 Qe6 18.Qf3 Nge7 19.Rg5 Qb3 20.e5 g6 21.Be4 f6 22.exf6 Rxf6
23.d5 h6 24.Kg2 Nd4 25.Qg4  1/2-1/2

[Event "IM"]
[Site "Kostrena CRO"]
[Date "2002.09.06"]
[Round "9"]
[White "Jovanic,O"]
[Black "Jurkovic,H"]
[Result "1-0"]
[WhiteElo "2420"]
[BlackElo "2399"]

1.d4 d5 2.c4 Nc6 3.Nf3 e5 4.Nxe5 Nxe5 5.dxe5 d4 6.g3 c6 7.Bg2 Bg4 8.O-O Qd7
9.Nd2 Ne7 10.Nb3 O-O-O 11.Nc5 Qc7 12.h3 Be6 13.Qa4 Kb8 14.Bd2 Nc8 15.Nxe6 fxe6
16.b4 Be7 17.c5 g5 18.b5 Bxc5 19.bxc6 Qxe5 20.Rac1 b6 21.Qa6 Qc7 22.Rxc5 bxc5
23.Ba5 Nb6 24.Rb1  1-0

[Event "11th Monarch Assurance"]
[Site "Port Erin IOM"]
[Date "2002.10.02"]
[Round "5"]
[White "Palliser,R"]
[Black "Cafolla,P"]
[Result "1/2-1/2"]
[WhiteElo "2441"]
[BlackElo "2109"]

1.d4 d5 2.c4 Nc6 3.Nf3 Bg4 4.Nc3 e6 5.Bf4 Bxf3 6.exf3 Nf6 7.c5 Be7 8.Bb5 O-O
9.O-O Nb8 10.b4 c6 11.Be2 Nh5 12.Be3 g5 13.g3 Ng7 14.Bd3 Nd7 15.f4 f6 16.Qc2 h6
17.Bh7+ Kh8 18.Qg6 Qe8 19.Qxh6 Qh5 20.Qxh5 Nxh5 21.Bg6 gxf4 22.Bxh5 fxe3
23.fxe3 f5 24.b5 Bg5 25.Kf2 e5 26.bxc6 bxc6 27.h4 Bh6 28.Ke2 Rg8 29.Rxf5 Rxg3
30.Nd1 exd4 31.exd4 Bg7 32.Rb1 Bxd4 33.Rb7 Rg7 34.Bf7 Nf6 35.Kd3 Ba1 36.Ne3 Rf8
37.Rb1 Rgxf7 38.Rxa1 Ne4 39.Raf1 Rxf5 40.Rxf5 Nxc5+ 41.Kd4 Ne6+ 42.Ke5 Re8
43.Rh5+ Kg8 44.Kd6 d4 45.Nc4 Ng7 46.Re5 Rf8 47.Kxc6 Rf4 48.h5 d3 49.Kb5 Rf2
50.a4 d2 51.Nxd2 Rxd2 52.h6 Rb2+ 53.Ka5 Rb6 54.hxg7 Kxg7 55.Re7+ Kf8 56.Rxa7 Rh6
57.Rd7 Ke8 58.Rd5 Rh1 59.Kb6 Ra1 60.a5 Rb1+ 61.Kc7 Rc1+ 62.Kb7 Rb1+ 63.Kc7 Rc1+
64.Kb7 Rb1+ 65.Ka7 Ke7 66.Ka6 Rb2 67.Ka7 Rb1 68.a6 Rb2 69.Rd1 Rb3 70.Ka8 Rb2
71.Rd5 Rb1 72.a7 Rb2 73.Rh5 Kd7 74.Rh8 Kc7 75.Rb8 Rc2 76.Rb7+ Kc8 77.Rb3 Rc1  1/2-1/2

[Event "2nd Rohde Open"]
[Site "Sautron FRA"]
[Date "2002.10.02"]
[Round "8"]
[White "Miraoui,K"]
[Black "Peric,Sl"]
[Result "1/2-1/2"]
[WhiteElo "2076"]
[BlackElo "2282"]

1.d4 d5 2.c4 Nc6 3.e3 e5 4.dxe5 d4 5.a3 Nge7 6.Nf3 Bg4 7.Be2 dxe3 8.Qxd8+ Rxd8
9.Bxe3 Ng6 10.Nc3 a6 11.O-O h6 12.Rad1 Rxd1 13.Rxd1 Be7 14.Nd5 Bd8 15.h3 Bxf3
16.gxf3 Ncxe5 17.f4 Nd7 18.Bg4 c6 19.Nc7+ Bxc7 20.Rxd7 Bxf4 21.Bxf4 Nxf4
22.Rxb7 O-O 23.Kh2 c5  1/2-1/2

[Event "European Seniors"]
[Site "Saint Vincent ITA"]
[Date "2002.10.03"]
[Round "6"]
[White "Lapienis,D"]
[Black "Chernikov,O"]
[Result "1/2-1/2"]
[WhiteElo "2287"]
[BlackElo "2464"]

1.d4 d5 2.c4 Nc6 3.Nc3 dxc4 4.Nf3 Nf6 5.e3 Na5 6.Qa4+ Nc6 7.Ne5 Bd7 8.Nxd7 Nxd7
9.Qxc4 e6 10.Be2 Nb4 11.O-O c6 12.Rd1 Nd5 13.Bf3 Be7 14.Ne2 N5f6 15.e4 Ne5
16.Qb3 Nxf3+ 17.Qxf3 O-O 18.Bf4 Qb6 19.Rd2 Rad8 20.Rad1 Rd7 21.Nc3 Qa5 22.a3 Rfd8
23.h3 Qb6 24.Be5 Qb3 25.Qe3 Qc4 26.Rd3 Ne8 27.d5 cxd5 28.exd5 exd5 29.Qf3 Bf6
30.Bd4 Qc6 31.Bxa7 d4 32.Qxc6 bxc6 33.Bb6 Rb8 34.Bxd4 Bxd4 35.Rxd4 Rxd4 36.Rxd4 Rxb2
37.Rc4 Rb6 38.a4  1/2-1/2

[Event "ch-ESP Open"]
[Site "Ayamonte ESP"]
[Date "2002.10.05"]
[Round "2"]
[White "Gomez Esteban,J"]
[Black "Ibanez Terradellas,E"]
[Result "1-0"]
[WhiteElo "2476"]
[BlackElo "2267"]

1.d4 d5 2.c4 Nc6 3.cxd5 Qxd5 4.e3 e5 5.Nc3 Bb4 6.Bd2 Bxc3 7.bxc3 Qd6 8.Bd3 Nge7
9.Ne2 O-O 10.O-O f5 11.f3 Be6 12.Qc1 Ng6 13.Rd1 e4 14.fxe4 fxe4 15.Bxe4 Bg4
16.Re1 Rae8 17.Qc2 Nce7 18.Nf4 b6 19.Bd3 c5 20.Nxg6 Nxg6 21.Rf1 Rxf1+ 22.Rxf1 Rf8
23.Rxf8+ Kxf8 24.Be1 Bd7 25.Bg3 Qe7 26.Qf2+ Ke8 27.h3 Bc6 28.Kh2 Qb7 29.e4 c4
30.Bc2 Qf7 31.Qe2 Nf4 32.Qg4  1-0

[Event "ch-ESP Open"]
[Site "Ayamonte ESP"]
[Date "2002.10.06"]
[Round "3"]
[White "Martin Vazquez,J"]
[Black "Garza Marco,S"]
[Result "0-1"]
[WhiteElo "2218"]
[BlackElo "2413"]

1.d4 d5 2.c4 Nc6 3.cxd5 Qxd5 4.Nf3 e5 5.Nc3 Bb4 6.Bd2 Bxc3 7.Bxc3 e4 8.Ne5 Nge7
9.e3 Nxe5 10.dxe5 Qxd1+ 11.Rxd1 Be6 12.b3 Nd5 13.Bd2 O-O-O 14.Be2 Rd7 15.O-O Rhd8
16.f4 Nxf4 17.Rxf4 Rxd2 18.Rxd2 Rxd2 19.Bg4 Rxa2 20.Bxe6+ fxe6 21.Rf8+ Kd7
22.Rf7+ Kc6 23.Rxg7 a5 24.Rxh7 b5 25.Rh8 b4 26.h4 Kb7 27.Rd8 a4 28.Rd1 axb3
29.Rb1 b2 30.Kh2 c5 31.h5 c4 32.h6 c3 33.h7 Ra8  0-1

[Event "FSGM Oct"]
[Site "Budapest HUN"]
[Date "2002.10.08"]
[Round "4"]
[White "Horvath,P1"]
[Black "Antal,Ge"]
[Result "1/2-1/2"]
[WhiteElo "2482"]
[BlackElo "2465"]

1.d4 d5 2.c4 Nc6 3.Nc3 dxc4 4.Nf3 Nf6 5.e4 Bg4 6.Be3 e6 7.Bxc4 Bb4 8.Qc2 O-O
9.Rd1 Ne7 10.Be2 Bxc3+ 11.bxc3 c5 12.dxc5 Qc7 13.O-O Bh5 14.Qa4 Qc6 15.Bb5 Qc7
16.Rd6 a6 17.Be2 b5 18.Qc2 Bg6 19.Bd3 Nc8 20.Rd4 Ng4 21.Bc1 e5 22.Rb4 Qxc5
23.a4 Nd6 24.Ba3 Rfc8 25.Rb3 Qc7 26.Bxd6 Qxd6 27.axb5 axb5 28.Rxb5 Qc6 29.c4 f6
30.h3 Nh6 31.Rfb1 Nf7 32.c5 Nd8 33.Bc4+ Bf7 34.Qd3 Bxc4 35.Qxc4+ Kf8 36.Qb4 Ra7
37.Rc1 Ke8 38.Nd2 Ne6 39.Rb6 Qd7 40.Nb3 Rac7 41.Qc4 Rc6 42.Rb5 Kf8 43.Qd5 Qxd5
44.exd5 Nc7 45.dxc6 Nxb5 46.Na5 Nd4 47.Rb1 Nxc6  1/2-1/2

[Event "ch-ESP Open"]
[Site "Ayamonte ESP"]
[Date "2002.10.09"]
[Round "6"]
[White "Segura Ariza,J"]
[Black "Colas Longares,R"]
[Result "1-0"]
[WhiteElo "2235"]
[BlackElo "2337"]

1.d4 d5 2.c4 Nc6 3.Nc3 dxc4 4.Nf3 Nf6 5.Qa4 Nd5 6.Ne5 Nb6 7.Nxc6 Qd6 8.Qc2 bxc6
9.e3 e6 10.Bd2 Be7 11.Be2 e5 12.dxe5 Qxe5 13.O-O O-O 14.f4 Qe6 15.e4 Bc5+
16.Kh1 Rb8 17.f5 Qf6 18.Bf4 Bd6 19.Qd2 Bxf4 20.Qxf4 Nd7 21.Bxc4 Rxb2 22.Na4 Rb4
23.e5 Qe7 24.f6 gxf6 25.exf6 Nxf6 26.Rae1 Be6 27.Qg5+ Kh8 28.Bb3 Rb5 29.Qxf6+ Qxf6
30.Rxf6 Bxb3 31.axb3 Rxb3 32.Nc5 Rc3 33.Nd7 Kg7 34.Ref1  1-0

[Event "TCh-SWE"]
[Site "Helsingborg SWE"]
[Date "2002.10.12"]
[Round "2"]
[White "Hansen,SuB"]
[Black "Hellborg,T"]
[Result "1/2-1/2"]
[WhiteElo "2555"]
[BlackElo "2240"]

1.d4 d5 2.c4 Nc6 3.cxd5 Qxd5 4.e3 e5 5.Nc3 Bb4 6.Bd2 Bxc3 7.Bxc3 exd4 8.Ne2 Nf6
9.Nxd4 O-O 10.Nxc6 Qxc6 11.Rc1 Re8 12.Bd4 Qd6 13.Be2 b6 14.O-O c5 15.Bc3 Qe7
16.Bf3 Ne4 17.Bxe4 Qxe4 18.Qd6 h5 19.Qg3 Qg4 20.Rfe1 Be6 21.a3 f6 22.e4 Red8
23.Qxg4 hxg4 24.Red1 Bb3 25.Rd2 Kf7 26.f3 gxf3 27.gxf3 a5 28.Kf2 a4 29.Ke3 Rxd2
30.Bxd2 Rh8 31.Rh1 Rd8 32.Rc1 Rh8 33.Rh1 Bc4 34.Kf2 Rd8 35.Be3 Rd3 36.Rc1 Bb3
37.h4 Bd1 38.Rc3 Rd8 39.Bf4 Bb3 40.Rc1 Rd7 41.Ke2 Ke8 42.Ke3 Bf7 43.Rc2 Bh5
44.Rd2 Rxd2 45.Kxd2 Bxf3 46.Ke3 Bg4 47.Bc7 b5 48.Bd6 c4 49.Kf4 Be6 50.Bb4 Kf7
51.e5 f5 52.Kg5 Bd7 53.Bc3 Ke6 54.Kf4 Kd5 55.Ke3 Be8 56.Kf4 g6 57.Ke3 Bf7
58.Kf4 Be6 59.Ke3 Bf7 60.Kf4  1/2-1/2